000 01353nam a2200325 i 4500
001 8936
003 KOSZ 005
005 20191214090754.0
008 071120s1966 pl g 001 0 pol
015 _aPB 1967/680
040 _aWA N
_cWA N
_dKOSZ 005/RW
041 1 _apol
_hrus
080 _a1(09)
245 0 0 _aHistoria filozofii.
_pLata czterdzieste - dziewięćdziesiąte XIX w.
_nCz. 2 /
_c[red. M. A. Dynnik et al. ; tł. Zygmunt Ziembiński i Jerzy Wierzchowski ; aut. M. T. Jowczuk et al.].
246 1 _iTyt. oryg. :
_aIstoriâ filosofii.
260 _aWarszawa :
_b"Książka i Wiedza",
_c1966.
300 _a630, [2] s. ;
_c25 cm.
380 _aKsiążki.
500 _aPozycja stanowi t. 4 "Historii filozofii".
504 _aBibliogr. s. [561]-608. Indeks.
650 4 _aFilozofia
_xhistoria
_y19 w.
648 4 _a1801-1900
700 1 _aIovčuk, Mihail Trofimovič
_d(1908-1990).
_eAutor
700 1 _aDynnik, Mihail Aleksandrovič
_d(1896-1971).
_eRedakcja
700 1 _aZiembiński, Zygmunt
_d(1920-1996).
_eTłumaczenie
700 1 _aWierzchowski, Jerzy.
_eTłumaczenie
710 2 _aSpółdzielnia Wydawniczo-Handlowa "Książka i Wiedza"
_4pbl.
856 _uhttp://koha.tu.koszalin.pl/cgi-bin/koha/opac-detail.pl?biblionumber=8936
_yKatalog online BPK
942 _2UKD
_cKS
999 _c8936
_d8936